000
00332nam a22001457a 4500
008
230718b ||||| |||| 00| 0 eng d
020
_a
978013458306
041
_a
eng
080
_2
5 EDITION
_a
311
082
_a
311SUL
100
_a
25.2
101
_a
STSC
245
_a
FUNDAMENTALS OF STATISTICS
_c
SULLIVAN M
942
_2
udc
_c
BK
999
_c
60156
_d
60156